El General Dumourier en la Guerra de la Independencia / (Record no. 85018)

MARC details
000 -LEADER
campo de control de longitud fija 00632nam a2200193 i 4500
001 - NÚMERO DE CONTROL
campo de control 85018
003 - IDENTIFICADOR DE NÚMERO DE CONTROL
campo de control ES-MaACL
005 - FECHA Y HORA DE LA ÚLTIMA TRANSACCIÓN
campo de control 20230906175150.0
007 - CAMPO FIJO DE DESCRIPCIÓN FÍSICA--INFORMACIÓN GENERAL
campo de control de longitud fija t|
008 - DATOS DE LONGITUD FIJA--INFORMACIÓN GENERAL
campo de control de longitud fija 041124s1936 sp ||||1| spa d
100 1# - ENTRADA PRINCIPAL--NOMBRE DE PERSONA
Nombre de persona Jos, Emiliano.
9 (RLIN) 66965
245 13 - MENCIÓN DEL TÍTULO
Título El General Dumourier en la Guerra de la Independencia /
Mención de responsabilidad, etc. Emiliano Jos.
260 ## - PUBLICACIÓN, DISTRIBUCIÓN, ETC.
Lugar de publicación, distribución, etc. Madrid :
Nombre del editor, distribuidor, etc. [s.n.],
Fecha de publicación, distribución, etc. 1936 (
Fabricante C. Bermejo)
300 ## - DESCRIPCIÓN FÍSICA
Extensión 46 p. ;
Dimensiones 25 cm.
505 8# - NOTA DE CONTENIDO CON FORMATO
Nota de contenido con formato Contiene también: El Congreso de Americanistas y la Historia del Descubrimiento.
740 3# - ENTRADA AGREGADA--TÍTULO RELACIONADO/ANALÍTICO NO CONTROLADO
Título relacionado o analítico no controlado El Congreso de Americanistas.
740 3# - ENTRADA AGREGADA--TÍTULO RELACIONADO/ANALÍTICO NO CONTROLADO
Título relacionado o analítico no controlado La Historia del Descubrimiento.
852 ## - LOCALIZACIÓN
Ubicación ES-MaACL
Número de control de estantería A-4620
Holdings
Estatus retirado Estado de pérdida Estado de daño No para préstamo Biblioteca de origen Biblioteca actual Ubicación en estantería Fecha de adquisición Fuente de adquisición Total de préstamos Signatura topográfica completa Código de barras Visto por última vez Precio de reemplazo Tipo de ítem Koha
        Biblioteca del Ateneo de Madrid Biblioteca del Ateneo de Madrid Sala Pecera Planta 1 17/01/2008     A-4620 1088845 23/02/2023 23/02/2023 Libro impreso